000 00332nam a2200097Ia 4500
008 220120s9999||||xx |||||||||||||| ||und||
100 _aKavya, C.R and Mansa, H.K
_912292
245 0 _aInterfacing graphic word sisplaying with 8051 microcontrolle
260 _aCoorg Institute of Technology
_bPonnampet
_c2007
650 _aCOMPUTER SCIENCE
999 _c137878
_d137878